Southville International School and Colleges
Your cart is empty.
  • Cart
  • Lists
    Public lists list_1 View all
    Your lists Log in to create your own lists
  • Log in to your account
  • Your cookies
  • Search history
Southville International School and Colleges
  • Advanced search
  • Recent comments
  • Most popular
  • Libraries

Log in to your account

Log in with GOOGLE


If you do not have an external account, but do have a local account, you can still log in:

  1. Home
  2. MARC view: Barangay :
Normal view MARC view ISBD view

Barangay : (Record no. 1577)

[ view plain ]
MARC details
000 -LEADER
fixed length control field 00558nam a22001817a 4500
003 - CONTROL NUMBER IDENTIFIER
control field LC
005 - DATE AND TIME OF LATEST TRANSACTION
control field 20170228105821.0
008 - FIXED-LENGTH DATA ELEMENTS--GENERAL INFORMATION
fixed length control field 121210t xxu||||| |||| 00| 0 eng d
020 ## - INTERNATIONAL STANDARD BOOK NUMBER
International Standard Book Number 9715501354
050 ## - LIBRARY OF CONGRESS CALL NUMBER
Classification number GN 308.3
Item number .Sc425 1995
082 ## - DEWEY DECIMAL CLASSIFICATION NUMBER
Classification number FIL 305.8
Item number S8 1994
100 ## - MAIN ENTRY--PERSONAL NAME
Personal name Scott, William Henry
245 ## - TITLE STATEMENT
Title Barangay :
Statement of responsibility, etc William Henry Scott.
Remainder of title sixteenth-century Philippine culture and society /
260 ## - PUBLICATION, DISTRIBUTION, ETC. (IMPRINT)
Place of publication, distribution, etc Quezon City :
Name of publisher, distributor, etc Ateneo de Manila University Press,
Date of publication, distribution, etc 1995.
300 ## - PHYSICAL DESCRIPTION
Extent 306 p. :
Other physical details ill. ; .
Dimensions 22 cm.
526 ## - STUDY PROGRAM INFORMATION NOTE
Reading level 880L-960L
942 ## - ADDED ENTRY ELEMENTS (KOHA)
Source of classification or shelving scheme Library of Congress Classification
Koha item type Books
Holdings
Withdrawn status Lost status Source of classification or shelving scheme Damaged status Home library Current library Shelving location Date acquired Total Checkouts Full call number Barcode Date last seen Copy number Price effective from Koha item type
    Library of Congress Classification   Luxembourg Library Luxembourg Library Filipiniana Section 12/10/2012   GN 308.3 .Sc425 1995 3125 05/27/2015 1 10/03/2013 Books

Barangay :

APA

Scott W. H., . (1995). Barangay. Quezon City: Ateneo de Manila University Press.

Chicago

Scott William Henry, . 1995. Barangay. Quezon City: Ateneo de Manila University Press.

Harvard

Scott W. H., . (1995). Barangay. Quezon City: Ateneo de Manila University Press.

MLA

Scott William Henry, . Barangay. Quezon City: Ateneo de Manila University Press. 1995.

  • Place hold
  • Print
  • Cite
  • Add to your cart (remove)
  • Save record
    BIBTEX Dublin Core MARCXML MARC (non-Unicode/MARC-8) MARC (Unicode/UTF-8) MARC (Unicode/UTF-8, Standard) MODS (XML) RIS
  • More searches
    Search for this title in:
    Other Libraries (WorldCat) Other Databases (Google Scholar) Online Stores (Bookfinder.com) Open Library (openlibrary.org)

Exporting to Dublin Core...

SOUTHVILLE LIBRARY

Southville International School and Colleges Library

1281 Tropical Ave. Cor. Luxembourg St., BF Homes International, Las Pinas City

Tel. No. 8256374 / 252358 Loc. 117/146

Powered by Koha